WWE - Name a Valid Answer: 1980's Edition - Statistics

General Stats
  • This quiz has been taken 80 times
  • The average score is 12 of 15
Answer Stats
Name a wrestler that ... Valid answer(s) % Correct
won the WWE Championship during the decade André the Giant | Hulk Hogan | The Iron Sheik | Randy Savage
100%
was in the main event match of an episode of Saturday Night's Main Event during 1985 André the Giant | Big John Studd | Cowboy Bob Orton | Hulk Hogan | King Kong Bundy | Nikolai Volkoff | Terry Funk
98%
was in the final four of one of the first two Royal Rumble matches (1988 & 1989) Akeem | Big John Studd | Dino Bravo | Don Muraco | Hacksaw Jim Duggan | One Man Gang | Rick Martel | Ted DiBiase
94%
lost in the main event of either SummerSlam (1988 & 1989) André the Giant | Randy Savage | Ted DiBiase | Zeus
92%
won the Intercontinental Championship between 1985 and 1989 The Honky Tonk Man | Randy Savage | Rick Rude | Ricky Steamboat | Tito Santana | The Ultimate Warrior
84%
faced Jake "The Snake" Roberts at a WrestleMania André the Giant | George Wells | The Honky Tonk Man | Rick Rude
82%
won the Women's Championship during the decade The Fabulous Moolah | Leilani Kai | Rockin' Robin | Sensational Sherri | Velvet McIntyre | Wendi Richter
82%
was in an Intercontinental Championship match at either SummerSlam (1988 & 1989) The Honky Tonk Man | Rick Rude | The Ultimate Warrior
82%
won the Intercontinental Championship between 1980 and 1984 Don Muraco | Greg Valentine | Ken Patera | Pedro Morales | Tito Santana
81%
was in the main event match of an episode of Saturday Night's Main Event during 1989 Bad News Brown | The Big Boss Man | The Genius | The Honky Tonk Man | Hulk Hogan | Ted DiBiase
74%
competed in the finals of The Wrestling Classic tournament in 1985 The Junkyard Dog | Randy Savage
74%
wrestled in the opening match at one of the first three WrestleManias (1985-1987) Cowboy Bob Orton | Don Muraco | The Executioner | Paul Orndorff | Rick Martel | Tito Santana | Tom Zenk
71%
was on the winning team of the first ever Survivor Series elimination match in 1987 Brutus Beefcake | Hacksaw Jim Duggan | Jake Roberts | Randy Savage | Ricky Steamboat
61%
won a match on the first episode of Superstars of Wrestling in 1986 Big John Studd | Bret Hart | Cousin Luke | Hillbilly Jim | Jacques Rougeau | Jim Neidhart | Kamala | King Kong Bundy | Raymond Rougeau | Ricky Steamboat | Sivi Afi
53%
any wrestler Demolition defeated to win the Tag Team Championship from Arn Anderson | Rick Martel | Tito Santana | Tully Blanchard
50%
No matching quizzes found
Score Distribution
Percent of People with Each Score
Percentile by Number Answered
Your Score History
You have not taken this quiz